Normal view
MARC view
Entry Personal Name
001 - CONTROL NUMBER
- control field: 1470
003 - CONTROL NUMBER IDENTIFIER
- control field: BD-RjUL
005 - DATE AND TIME OF LATEST TRANSACTION
- control field: 20220220103237.0
008 - FIXED-LENGTH DATA ELEMENTS
- fixed length control field: 220220|| aca||aabn | a|a d
040 ## - CATALOGING SOURCE
- Original cataloging agency: BD-RjUL
- Transcribing agency: BD-RjUL
100 ## - HEADING--PERSONAL NAME
- Personal name: Haq, Khandaker Muzahidul
670 ## - SOURCE DATA FOUND
- Source citation: Work cat.: (BD-RjUL)79420: Haq, Khandaker Muzahidul,, Role of Delegated Legislation in the Parliamentary System of Bangladesh (1991-2001) :, 2007